Villes françaises - Mort subite - Statistiques

Statistiques générales
  • Ce quiz a été pris 345 fois
  • Le résultat moyen est 17 sur 21
Answers on the Grid
Answers color-coded by a green-red scale on the quiz's grid according to % correct below.
Andenne
Avignon
Baie-Comeau
Bastogne
Bayonne
Braine-le-Comte
Cahors
Camp-Perrin
Chambéry
Charleroi
Cherbourg
Colmar
Differdange
Dunkerque
Grand Baie
Grenoble
Haguenau
Jacmel
La Louvière
La Rochelle
Le Mans
Libreville
Limoges
Lorient
Mulhouse
Nantes
Port-Gentil
Rouen
Saguenay
Schengen
Sète
Tarbes
Toulouse
Tours
Troyes
Yverdon-les-Bains
 
Statistiques - réponses
Réponse % Correct
Avignon
95%
Bayonne
89%
Chambéry
86%
Le Mans
83%
Toulouse
83%
Nantes
82%
Tours
82%
La Rochelle
81%
Mulhouse
81%
Grenoble
80%
Limoges
80%
Rouen
80%
Troyes
80%
Dunkerque
79%
Colmar
78%
Lorient
76%
Sète
75%
Cherbourg
73%
Tarbes
71%
Cahors
69%
Haguenau
49%
Aucun quiz correspondant
Distribution des résultats
% des personnes avec chaque résultat
Percentile par nombre de réponses
Votre historique - résultats
Vous n’avez pas pris ce quiz